[Event "Pocztowiec-ch"]
[Site "Poznan"]
[Date "2001.??.??"]
[Round "?"]
[White "Dzwikowski, Adam"]
[Black "Dachtera, Piotr"]
[Result "1-0"]
[WhiteElo "2085"]
[BlackElo "1800"]
[PlyCount "73"]
[EventDate "2001.??.??"]
[EventType "swiss"]
[EventRounds "9"]
[EventCountry "POL"]
[SourceTitle "EXT 2006"]
[Source "ChessBase"]
[SourceDate "2005.11.24"]
[SourceVersion "1"]
[SourceVersionDate "2005.11.24"]
[SourceQuality "1"]

1. d4 d5 2. c4 e6 3. Nc3 Nf6 4. Nf3 Nbd7 5. Bf4 c6 6. e3 h6 7. c5 Nh5 8. Bd3 Nxf4 9. exf4 b6 10. b4 bxc5 11. bxc5 Nxc5 12. dxc5 Bxc5 13. 0-0 Bd6 14. Qa4 Qc7 15. Ne5 Bd7 16. Nxd7 Qxd7 17. f5 0-0 18. Qh4 exf5 19. Qh5 f4 20. Ne2 Qc7 21. Rac1 Be5 22. g3 fxg3 23. fxg3 Qb6+ 24. Kg2 Bd6 25. Qf5 g6 26. Qf6 Qe3 27. Rf3 Qe6 28. Qxe6 fxe6 29. Rxc6 Rxf3 30. Kxf3 Rd8 31. Bxg6 e5 32. Bc2 Kg7 33. Nc3 Bb4 34. Nb5 a5 35. Nc7 Rf8+ 36. Ke2 Rb8 37. Nxd5 1-0